00438nam a2200157 a 450000100100000000500170001000800410002702000150006804000250008308200080010810000160011624500370013226000300016930000280019950000530022700004017120201002033948.0130812s1994 mx a 000 0 spa d a9681326334 aDO-SdBNPbspacBNPHU axxx1 aPazos, Luis10a¿Porque Chiapas? /cLuis Pazos. aMéxico :bDiana,c1994. a156 p. :bil. ;c21 cm. aLa biblioteca posee la 16a reimpresión de 1994